Di bibir mu ada lagu

Bibliographic Details
Format: Book

MARC

LEADER 00000cam a2200000 7i4500
001 0000008683
002 000009462
005 20000330.0
020 |a 9839806033 
090 0 0 |a F   |b SHA 
245 1 0 |a Di bibir mu ada lagu 
999 |a 049223   |b BUKU   |c PINJAMAN   |e PERPUSTAKAAN KOMUNITI PETALING JAYA